000 00454nam a22001697a 4500
005 20251108172411.0
008 250721s1984 xx 000 0 eng d
082 1 4 _a623.7464/bur
100 1 _aburnes, mihacl
245 1 0 _amcdonnell doyglas f -4k and f-4m phantom /
264 1 _alondon :
_bospery publishing limited,
_c1984.
300 _a200p :ill
490 0 _aosprey air combat
650 1 7 _afighter plans
942 _2ddc
_cBK
999 _c78343
_d78343